000 00667nam a22002297a 4500
999 _c16473
_d16473
003 AR-CdUCM
008 190503b ||||| |||| 00| 0 spa d
040 _aMUNICIPALIDAD PROVINCIAL DEL CUSCO
_cBIBLIOTECA MUNICIPAL DEL CUSCO
041 _hfre
082 _27ed.
_a848.9 /
_bC24
100 _aCamus, Albert
_99136
245 _aLa peste /
260 _aBuenos Aires :
_bSur,
_c1959.
300 _a195 páginas ;
_c20 cm.
505 _aContenido: Novela.
650 _aNovelas francesas
_9571
650 _aSiglo XX
_98
650 _aLiteratura Francesa
_9614
700 _aChacel, Rosa (traducción)
_912722
942 _2ddc
_cLIBROS
945 _aachl
_d2019-05-03